Sports Quiz

Random Sports or NFL Quiz

NFL Pro Bowl Kickers Quiz Stats

 Plays Quiz Updated Jan 31, 2018

Challenge
Share
Tweet
Embed
Score 0/59 Timer 08:00
2 Plays Today
Year Kicker % Correct
2003David Akers
79.6%
2002David Akers
79.6%
2010David Akers
79.6%
2005David Akers
79.6%
2015Adam Vinatieri
74.6%
2003Adam Vinatieri
74.2%
2005Adam Vinatieri
74.2%
2012Sebastian Janikowski
73.5%
2016Stephen Gostkowski
72.1%
2015Stephen Gostkowski
72%
2012David Akers
71.9%
2017Justin Tucker
68.4%
2010Nate Kaeding
64.8%
2007Nate Kaeding
64.8%
1994Gary Anderson
61.2%
1999Gary Anderson
60.4%
2014Justin Tucker
58.9%
2016Dan Bailey
57.7%
2002Jason Elam
57.6%
1996Jason Elam
57.6%
1999Jason Elam
57.6%
2009Stephen Gostkowski
54.6%
2004Mike Vanderjagt
54.4%
2007Robbie Gould
53.1%
2014Matt Prater
50.9%
2018Greg Zuerlein
47.9%
2008Rob Bironas
46.3%
1996Morten Andersen
42.2%
1993Morten Andersen
42.2%
1991Morten Andersen
42.2%
Year Kicker % Correct
2017Matt Bryant
41.7%
2010Dan Carpenter
41.5%
2000Olindo Mare
40.4%
2013Blair Walsh
40.4%
2000Jason Hanson
39.2%
1998Jason Hanson
39.2%
2006Neil Rackers
39.1%
2001Martin Gramatica
39%
2006Shayne Graham
38.1%
2019Aldrick Rosas
37.3%
2013Phil Dawson
37%
2008Nick Folk
35.3%
2001Matt Stover
33.3%
2019Jason Myers
29.4%
2011David Akers
29.1%
1995John Carney
26%
2009John Carney
26%
1997John Kasay
23.6%
2018Chris Boswell
23.2%
2011Billy Cundiff
16.2%
2004Jeff Wilkins
15.8%
1994Norm Johnson
15.6%
1991Nick Lowery
9.7%
1993Nick Lowery
9.7%
1992Chip Lohmiller
5.8%
1998Mike Hollis
4.2%
1995Fuad Reveiz
3.6%
1992Jeff Jaeger
3.3%
1997Cary Blanchard
1.8%

You're not logged in!

Compare scores with friends on all Sporcle quizzes.
OR
Log In

You Might Also Like...

Show Comments

Extras

Top Quizzes Today


Score Distribution

Your Account Isn't Verified!

In order to create a playlist on Sporcle, you need to verify the email address you used during registration. Go to your Sporcle Settings to finish the process.

Report this User

Report this user for behavior that violates our Community Guidelines.

Details: